<?xml version="1.0" encoding="UTF-8"?>
<record
    xmlns:xsi="http://www.w3.org/2001/XMLSchema-instance"
    xsi:schemaLocation="http://www.loc.gov/MARC21/slim http://www.loc.gov/standards/marcxml/schema/MARC21slim.xsd"
    xmlns="http://www.loc.gov/MARC21/slim">

  <leader>00435nam a2200157   4500</leader>
  <controlfield tag="003">SEACOMEC</controlfield>
  <controlfield tag="005">20250327132047.0</controlfield>
  <controlfield tag="008">250327b        |||||||| |||| 00| 0 eng d</controlfield>
  <datafield tag="020" ind1=" " ind2=" ">
    <subfield code="a">9788121902816</subfield>
    <subfield code="c">490.00</subfield>
  </datafield>
  <datafield tag="040" ind1=" " ind2=" ">
    <subfield code="a">SEACOMEC</subfield>
  </datafield>
  <datafield tag="082" ind1=" " ind2=" ">
    <subfield code="a">003</subfield>
    <subfield code="b">G977</subfield>
  </datafield>
  <datafield tag="100" ind1=" " ind2=" ">
    <subfield code="a"> Gupta, P. K. (Prem Kumar)</subfield>
  </datafield>
  <datafield tag="245" ind1=" " ind2=" ">
    <subfield code="a">Operations Research/ </subfield>
    <subfield code="c">Prem Kumar Gupta and D. S.  Hira,</subfield>
  </datafield>
  <datafield tag="260" ind1=" " ind2=" ">
    <subfield code="a">Kolkata:</subfield>
    <subfield code="b">S. Chand Publishing,</subfield>
    <subfield code="c">2008</subfield>
  </datafield>
  <datafield tag="942" ind1=" " ind2=" ">
    <subfield code="c">BOOK</subfield>
  </datafield>
  <datafield tag="952" ind1=" " ind2=" ">
    <subfield code="0">0</subfield>
    <subfield code="1">0</subfield>
    <subfield code="2">ddc</subfield>
    <subfield code="4">0</subfield>
    <subfield code="7">0</subfield>
    <subfield code="a">SEACOMEC</subfield>
    <subfield code="b">SEACOMEC</subfield>
    <subfield code="d">2009-10-07</subfield>
    <subfield code="l">0</subfield>
    <subfield code="o">003 G977</subfield>
    <subfield code="p">15154</subfield>
    <subfield code="r">2025-03-27 13:21:17</subfield>
    <subfield code="w">2025-03-27</subfield>
    <subfield code="y">REF</subfield>
  </datafield>
  <datafield tag="952" ind1=" " ind2=" ">
    <subfield code="0">0</subfield>
    <subfield code="1">0</subfield>
    <subfield code="2">ddc</subfield>
    <subfield code="4">0</subfield>
    <subfield code="7">0</subfield>
    <subfield code="a">SEACOMEC</subfield>
    <subfield code="b">SEACOMEC</subfield>
    <subfield code="d">2009-10-07</subfield>
    <subfield code="l">0</subfield>
    <subfield code="o">003 G977</subfield>
    <subfield code="p">15155</subfield>
    <subfield code="r">2025-03-27 13:21:17</subfield>
    <subfield code="t">1</subfield>
    <subfield code="w">2025-03-27</subfield>
    <subfield code="y">BOOK</subfield>
  </datafield>
  <datafield tag="952" ind1=" " ind2=" ">
    <subfield code="0">0</subfield>
    <subfield code="1">0</subfield>
    <subfield code="2">ddc</subfield>
    <subfield code="4">0</subfield>
    <subfield code="7">0</subfield>
    <subfield code="a">SEACOMEC</subfield>
    <subfield code="b">SEACOMEC</subfield>
    <subfield code="d">2009-10-07</subfield>
    <subfield code="l">0</subfield>
    <subfield code="o">003 G977</subfield>
    <subfield code="p">15156</subfield>
    <subfield code="r">2025-03-27 13:21:17</subfield>
    <subfield code="t">2</subfield>
    <subfield code="w">2025-03-27</subfield>
    <subfield code="y">BOOK</subfield>
  </datafield>
  <datafield tag="952" ind1=" " ind2=" ">
    <subfield code="0">0</subfield>
    <subfield code="1">0</subfield>
    <subfield code="2">ddc</subfield>
    <subfield code="4">0</subfield>
    <subfield code="7">0</subfield>
    <subfield code="a">SEACOMEC</subfield>
    <subfield code="b">SEACOMEC</subfield>
    <subfield code="d">2009-10-07</subfield>
    <subfield code="l">0</subfield>
    <subfield code="o">003 G977</subfield>
    <subfield code="p">15157</subfield>
    <subfield code="r">2025-03-27 13:21:17</subfield>
    <subfield code="t">3</subfield>
    <subfield code="w">2025-03-27</subfield>
    <subfield code="y">BOOK</subfield>
  </datafield>
  <datafield tag="952" ind1=" " ind2=" ">
    <subfield code="0">0</subfield>
    <subfield code="1">0</subfield>
    <subfield code="2">ddc</subfield>
    <subfield code="4">0</subfield>
    <subfield code="7">0</subfield>
    <subfield code="a">SEACOMEC</subfield>
    <subfield code="b">SEACOMEC</subfield>
    <subfield code="d">2009-10-07</subfield>
    <subfield code="l">0</subfield>
    <subfield code="o">003 G977</subfield>
    <subfield code="p">15158</subfield>
    <subfield code="r">2025-03-27 13:21:17</subfield>
    <subfield code="t">4</subfield>
    <subfield code="w">2025-03-27</subfield>
    <subfield code="y">BOOK</subfield>
  </datafield>
  <datafield tag="952" ind1=" " ind2=" ">
    <subfield code="0">0</subfield>
    <subfield code="1">0</subfield>
    <subfield code="2">ddc</subfield>
    <subfield code="4">0</subfield>
    <subfield code="7">0</subfield>
    <subfield code="a">SEACOMEC</subfield>
    <subfield code="b">SEACOMEC</subfield>
    <subfield code="d">2009-10-07</subfield>
    <subfield code="l">0</subfield>
    <subfield code="o">003 G977</subfield>
    <subfield code="p">15159</subfield>
    <subfield code="r">2025-03-27 13:21:17</subfield>
    <subfield code="t">5</subfield>
    <subfield code="w">2025-03-27</subfield>
    <subfield code="y">BOOK</subfield>
  </datafield>
  <datafield tag="952" ind1=" " ind2=" ">
    <subfield code="0">0</subfield>
    <subfield code="1">0</subfield>
    <subfield code="2">ddc</subfield>
    <subfield code="4">0</subfield>
    <subfield code="7">0</subfield>
    <subfield code="a">SEACOMEC</subfield>
    <subfield code="b">SEACOMEC</subfield>
    <subfield code="d">2009-10-07</subfield>
    <subfield code="l">0</subfield>
    <subfield code="o">003 G977</subfield>
    <subfield code="p">15160</subfield>
    <subfield code="r">2025-03-27 13:21:17</subfield>
    <subfield code="t">6</subfield>
    <subfield code="w">2025-03-27</subfield>
    <subfield code="y">BOOK</subfield>
  </datafield>
  <datafield tag="952" ind1=" " ind2=" ">
    <subfield code="0">0</subfield>
    <subfield code="1">0</subfield>
    <subfield code="2">ddc</subfield>
    <subfield code="4">0</subfield>
    <subfield code="7">0</subfield>
    <subfield code="a">SEACOMEC</subfield>
    <subfield code="b">SEACOMEC</subfield>
    <subfield code="d">2009-10-07</subfield>
    <subfield code="l">0</subfield>
    <subfield code="o">003 G977</subfield>
    <subfield code="p">15161</subfield>
    <subfield code="r">2025-03-27 13:21:17</subfield>
    <subfield code="t">7</subfield>
    <subfield code="w">2025-03-27</subfield>
    <subfield code="y">BOOK</subfield>
  </datafield>
  <datafield tag="952" ind1=" " ind2=" ">
    <subfield code="0">0</subfield>
    <subfield code="1">0</subfield>
    <subfield code="2">ddc</subfield>
    <subfield code="4">0</subfield>
    <subfield code="7">0</subfield>
    <subfield code="a">SEACOMEC</subfield>
    <subfield code="b">SEACOMEC</subfield>
    <subfield code="d">2009-10-07</subfield>
    <subfield code="l">0</subfield>
    <subfield code="o">003 G977</subfield>
    <subfield code="p">15162</subfield>
    <subfield code="r">2025-03-27 13:21:17</subfield>
    <subfield code="t">8</subfield>
    <subfield code="w">2025-03-27</subfield>
    <subfield code="y">BOOK</subfield>
  </datafield>
  <datafield tag="952" ind1=" " ind2=" ">
    <subfield code="0">0</subfield>
    <subfield code="1">0</subfield>
    <subfield code="2">ddc</subfield>
    <subfield code="4">0</subfield>
    <subfield code="7">0</subfield>
    <subfield code="a">SEACOMEC</subfield>
    <subfield code="b">SEACOMEC</subfield>
    <subfield code="d">2009-10-07</subfield>
    <subfield code="l">0</subfield>
    <subfield code="o">003 G977</subfield>
    <subfield code="p">15163</subfield>
    <subfield code="r">2025-03-27 13:21:17</subfield>
    <subfield code="t">9</subfield>
    <subfield code="w">2025-03-27</subfield>
    <subfield code="y">BOOK</subfield>
  </datafield>
  <datafield tag="952" ind1=" " ind2=" ">
    <subfield code="0">0</subfield>
    <subfield code="1">0</subfield>
    <subfield code="2">ddc</subfield>
    <subfield code="4">0</subfield>
    <subfield code="7">0</subfield>
    <subfield code="a">SEACOMEC</subfield>
    <subfield code="b">SEACOMEC</subfield>
    <subfield code="d">2009-10-07</subfield>
    <subfield code="l">0</subfield>
    <subfield code="o">003 G977</subfield>
    <subfield code="p">15164</subfield>
    <subfield code="r">2025-03-27 13:21:17</subfield>
    <subfield code="t">10</subfield>
    <subfield code="w">2025-03-27</subfield>
    <subfield code="y">BOOK</subfield>
  </datafield>
  <datafield tag="952" ind1=" " ind2=" ">
    <subfield code="0">0</subfield>
    <subfield code="1">0</subfield>
    <subfield code="2">ddc</subfield>
    <subfield code="4">0</subfield>
    <subfield code="7">0</subfield>
    <subfield code="a">SEACOMEC</subfield>
    <subfield code="b">SEACOMEC</subfield>
    <subfield code="d">2009-10-07</subfield>
    <subfield code="l">0</subfield>
    <subfield code="o">003 G977</subfield>
    <subfield code="p">15165</subfield>
    <subfield code="r">2025-03-27 13:21:17</subfield>
    <subfield code="t">11</subfield>
    <subfield code="w">2025-03-27</subfield>
    <subfield code="y">BOOK</subfield>
  </datafield>
  <datafield tag="952" ind1=" " ind2=" ">
    <subfield code="0">0</subfield>
    <subfield code="1">0</subfield>
    <subfield code="2">ddc</subfield>
    <subfield code="4">0</subfield>
    <subfield code="7">0</subfield>
    <subfield code="a">SEACOMEC</subfield>
    <subfield code="b">SEACOMEC</subfield>
    <subfield code="d">2009-10-07</subfield>
    <subfield code="l">0</subfield>
    <subfield code="o">003 G977</subfield>
    <subfield code="p">15166</subfield>
    <subfield code="r">2025-03-27 13:21:17</subfield>
    <subfield code="t">12</subfield>
    <subfield code="w">2025-03-27</subfield>
    <subfield code="y">BOOK</subfield>
  </datafield>
  <datafield tag="952" ind1=" " ind2=" ">
    <subfield code="0">0</subfield>
    <subfield code="1">0</subfield>
    <subfield code="2">ddc</subfield>
    <subfield code="4">0</subfield>
    <subfield code="7">0</subfield>
    <subfield code="a">SEACOMEC</subfield>
    <subfield code="b">SEACOMEC</subfield>
    <subfield code="d">2009-10-07</subfield>
    <subfield code="l">0</subfield>
    <subfield code="o">003 G977</subfield>
    <subfield code="p">15167</subfield>
    <subfield code="r">2025-03-27 13:21:17</subfield>
    <subfield code="t">13</subfield>
    <subfield code="w">2025-03-27</subfield>
    <subfield code="y">BOOK</subfield>
  </datafield>
  <datafield tag="952" ind1=" " ind2=" ">
    <subfield code="0">0</subfield>
    <subfield code="1">0</subfield>
    <subfield code="2">ddc</subfield>
    <subfield code="4">0</subfield>
    <subfield code="7">0</subfield>
    <subfield code="a">SEACOMEC</subfield>
    <subfield code="b">SEACOMEC</subfield>
    <subfield code="d">2009-10-07</subfield>
    <subfield code="l">0</subfield>
    <subfield code="o">003 G977</subfield>
    <subfield code="p">15168</subfield>
    <subfield code="r">2025-03-27 13:21:17</subfield>
    <subfield code="t">14</subfield>
    <subfield code="w">2025-03-27</subfield>
    <subfield code="y">BOOK</subfield>
  </datafield>
  <datafield tag="999" ind1=" " ind2=" ">
    <subfield code="c">2132</subfield>
    <subfield code="d">2132</subfield>
  </datafield>
</record>
